00826nam a2200241 a 4500003000900000005001700009007000300026008004100029040002500070082000700095100003400102245009900136250001100235260003300246300002100279500007300300504002900373590002600402910001500428942001400443952011000457999001700567DO-SdBNP20240229073828.0ta220607b2006 dr e|||| |||| 00| 0 spa d aDO-SdBNPbspacBNPHU 42221 aAmaro Guzmán, Raymundo965610aPrincipios juridicos de la organización administrativa del estado /cRaymundo Amaro Guzmán a5a ed. aSanto Domingo :bOnap,c2006 a217 p. ;c22 cm. aIncluye referencias bibliográficas y notas al pie de las páginas aBibliografía : 209-212 aInventariado, 2022/BT aBtavárez 2ddccLBS1 00102ddc51708PDaBNPHUbBNPHUcCTd2022-06-07eDonaciónl0p2022-2760r2022-06-07w2022-06-07yLBS1 c51941d51941